International Conference on the Valuation of Real Estate, Prague, 22-24 September 1993: (papers). (Record no. 92063)

MARC details
000 -LEADER
fixed length control field 01653cam a2200313 4500
001 - CONTROL NUMBER
control field J2074
008 - FIXED-LENGTH DATA ELEMENTS--GENERAL INFORMATION
fixed length control field 090401t1993 xxu||||| |||| 00| 0 eng d
035 ## - SYSTEM CONTROL NUMBER
System control number (Sirsi) u47001
041 ## - LANGUAGE CODE
Language code of text/sound track or separate title eng
050 ## - LIBRARY OF CONGRESS CALL NUMBER
Classification number 333.332091
110 ## - MAIN ENTRY--CORPORATE NAME
Corporate name or jurisdiction name as entry element European Group of Valuers of Fixed Assets
9 (RLIN) 338
245 ## - TITLE STATEMENT
Title International Conference on the Valuation of Real Estate, Prague, 22-24 September 1993: (papers).
260 ## - PUBLICATION, DISTRIBUTION, ETC.
Name of publisher, distributor, etc. TEGOVOFA
Date of publication, distribution, etc. 1993
300 ## - PHYSICAL DESCRIPTION
Extent 12 papers ; 30cm.
350 ## - PRICE (NR) (BK AM CF MU VM SE) [OBSOLETE]
Price 0
520 ## - SUMMARY, ETC.
Summary, etc. Papers:- European and international assets valuation standards/ BEAMAN, M. - Problem matter of property valuation in circumstances of changeover from a socialist economy to free market economy in Poland/ KALUS, A. - Introduction to valuation of development and investment/ DE GRAEVE, J. - Special properties normally valued in relation to depreciated replacement cost/ THORNE, C. - Association of Romanian Valuers (ANEVAR)/ BADESCU, G. - (Valuation in Albania)/ ALLEN, D.A. - The role of property in a free market economy/ ELLERMAN, D.P. - The Czech Chamber of Appraisers/ RYSKA, J. - Valuation of properties normally valued in relation to trading profits/ MALAQUIN, P. - (Synopsis of talk)/ TALHAR, M. - (Privatization in the Czech Republic and valuation of property assets)/ JANE, A. - The valuation of residential property/ AMSELLE, J-C.
650 ## - SUBJECT ADDED ENTRY--TOPICAL TERM
Topical term or geographic name entry element ALBANIA
650 ## - SUBJECT ADDED ENTRY--TOPICAL TERM
Topical term or geographic name entry element ASSET VALUATION
650 ## - SUBJECT ADDED ENTRY--TOPICAL TERM
Topical term or geographic name entry element CZECH REPUBLIC
650 ## - SUBJECT ADDED ENTRY--TOPICAL TERM
Topical term or geographic name entry element FRANCE
650 ## - SUBJECT ADDED ENTRY--TOPICAL TERM
Topical term or geographic name entry element POLAND
650 ## - SUBJECT ADDED ENTRY--TOPICAL TERM
Topical term or geographic name entry element PROPERTY DEVELOPMENT
650 ## - SUBJECT ADDED ENTRY--TOPICAL TERM
Topical term or geographic name entry element PROPERTY INVESTMENT
650 ## - SUBJECT ADDED ENTRY--TOPICAL TERM
Topical term or geographic name entry element ROMANIA
650 ## - SUBJECT ADDED ENTRY--TOPICAL TERM
Topical term or geographic name entry element TEGOVOFA
690 ## - LOCAL SUBJECT ADDED ENTRY--TOPICAL TERM (OCLC, RLIN)
Topical term or geographic name as entry element OVERSEAS-EUROPE
942 ## - ADDED ENTRY ELEMENTS (KOHA)
Suppress in OPAC 0
948 ## - LOCAL PROCESSING INFORMATION (OCLC); SERIES PART DESIGNATOR (RLIN)
c (OCLC) 04/03/1997
Holdings
Withdrawn status Lost status Source of classification or shelving scheme Damaged status Not for loan Home library Current library Shelving location Date acquired Total Checkouts Full call number Barcode Date last seen Copy number Price effective from Koha item type
    Dewey Decimal Classification     London London Basement 22/02/1994   SHELF 202 30040879 06/08/2019 1 06/08/2019 Book